00705cam a22002291a 4500001001300000003000400013005001700017008004100034010001700075035002000092040004500112042001200157050002300169100003100192245006500223250003400288260006400322300002100386650002200407651002900429999001700458ne 63001201 DLC20260227111746.0911205s1960 ua 000 0 ara c ane 63001201  a(OCoLC)24894215 aPrinceton Univ. Libr.cMWalBdMWalBdDLC apremarc00aHN783.5b.A64 19601 aAḥmad, ʻAlī Fuʼād.10aʻIlm al-ijtimāʻ al-rīfī /cʻAlī Fuʼād Aḥmad. aal-Ṭabʻah al-thānīyah. a[al-Qāhirah :bDār al-Thiqāfat wa-al-ʻUlūm,c1960] a268 p. ;c24 cm. 0aSociology, Rural. 0aEgyptxRural conditions. c45980d45980